De la démocratie en Amérique
Gardado en:
| Autor Principal: | |
|---|---|
| Formato: | Libro |
| Idioma: | francés |
| Publicado: |
París
Michel Lévy Frères
1868
|
| Edición: | 5a. ed |
| Subjects: | |
| Tags: |
Engadir etiqueta
Sen Etiquetas, Sexa o primeiro en etiquetar este rexistro!
|
MARC
| LEADER | 00000nam a2200000 a 4500 | ||
|---|---|---|---|
| 001 | UCR3898 | ||
| 003 | CL-VaPUC | ||
| 008 | 980130e18680000FR |||||||||||||||||fre|d | ||
| 082 | 0 | 4 | |a 321.8 |b TOC |2 21 |
| 100 | 0 | |a Tocqueville, Alexis de |e author |9 315351 | |
| 245 | 1 | 0 | |a De la démocratie en Amérique |
| 250 | |a 5a. ed | ||
| 300 | |a 3 v | ||
| 942 | |c BK | ||
| 945 | |d 19980130 00:00:00 |a aolguin | ||
| 260 | |a París |b Michel Lévy Frères |c 1868 | ||
| 650 | 0 | |a Política |9 255312 | |
| 650 | 7 | |a SISTEMAS POLITICOS |2 CL-VaPUC |9 403333 | |
| 650 | 0 | |a Democracia |9 255256 | |
| 650 | 0 | |a Democratización |9 316630 | |
| 650 | 0 | |a Libertad de prensa |9 255610 | |
| 650 | 0 | |a Asociaciones |9 257659 | |
| 650 | 7 | |a GRUPOS ETNICOS |2 CL-VaPUC |9 324200 | |
| 650 | 0 | |a Leyes |9 256670 | |
| 650 | 0 | |a Religión |9 255164 | |
| 650 | 7 | |a SISTEMA FEDERAL |2 CL-VaPUC |9 403334 | |
| 650 | 7 | |a SOCIEDAD POLITICA |2 CL-VaPUC |9 393571 | |
| 651 | 7 | |a AMERICA DEL NORTE |2 CL-VaPUC |9 311278 | |
| 651 | 0 | |a Estados Unidos |9 255178 | |
| 583 | |a last modification |c 19980130 00:00:00 |k Rodrigo Vera | ||
| 999 | |c 266916 |d 266914 | ||
| 952 | |0 0 |1 0 |4 0 |6 321_800000000000000_TOC_1868 |7 0 |8 X |9 298950 |a BIBDER |b BIBDER |d 2019-11-20 |h v.1 |i 1953761 |o 321.8 TOC 1868 |p 1953761 |r 2023-01-25 |w 2019-11-20 |y BK_X |k DER | ||
| 952 | |0 0 |1 0 |4 0 |6 321_800000000000000_TOC_1868 |7 0 |8 X |9 298951 |a BIBDER |b BIBDER |d 2019-11-20 |h v.2 |i 1953710 |o 321.8 TOC 1868 |p 1953710 |r 2023-01-25 |w 2019-11-20 |y BK_X |k DER | ||
| 952 | |0 0 |1 0 |4 0 |6 321_800000000000000_TOC_1868 |7 0 |8 X |9 298952 |a BIBDER |b BIBDER |d 2019-11-20 |h v.3 |i 1953664 |o 321.8 TOC 1868 |p 1953664 |r 2023-01-25 |w 2019-11-20 |y BK_X |k DER | ||